MLB Back-to-Back MVPs - Statistics

General Stats
  • This quiz has been taken 10 times
  • The average score is 13 of 16
Answer Stats
Years Won Team(s) Answer % Correct
2024 - 2025 New York Yankees Aaron Judge
100%
2001 - 2004 San Francisco Giants Barry Bonds
100%
1992 - 1993 Pittsburgh Pirates, San Francisco Giants Barry Bonds
100%
2023 - 2025 Los Angeles Angels, Los Angeles Dodgers Shohei Ohtani
100%
2008 - 2009 St. Louis Cardinals Albert Pujols
89%
1956 - 1957 New York Yankees Mickey Mantle
89%
2012 - 2013 Detroit Tigers Miguel Cabrera
89%
1982 - 1983 Atlanta Braves Dale Murphy
78%
1993 - 1994 Chicago White Sox Frank Thomas
78%
1975 - 1976 Cincinnati Reds Joe Morgan
78%
1980 - 1981 Philadelphia Phillies Mike Schmidt
78%
1960 - 1961 New York Yankees Roger Maris
78%
1954 - 1955 New York Yankees Yogi Berra
78%
1958 - 1959 Chicago Cubs Ernie Banks
56%
1932 - 1933 Philadelphia Athletics Jimmie Foxx
44%
1944 - 1945 Detroit Tigers Hal Newhouser
33%
No matching quizzes found
Score Distribution
Percent of People with Each Score
Percentile by Number Answered
Your Score History
You have not taken this quiz